<?xml version="1.0" encoding="UTF-8"?><?xml-stylesheet type="text/xsl" href="static/style.xsl"?><OAI-PMH xmlns="http://www.openarchives.org/OAI/2.0/" xmlns:xsi="http://www.w3.org/2001/XMLSchema-instance" xsi:schemaLocation="http://www.openarchives.org/OAI/2.0/ http://www.openarchives.org/OAI/2.0/OAI-PMH.xsd"><responseDate>2026-06-01T04:36:16Z</responseDate><request verb="GetRecord" identifier="oai:riuma.uma.es:10630/26791" metadataPrefix="marc">https://riuma.uma.es/rest/oai/request</request><GetRecord><record><header><identifier>oai:riuma.uma.es:10630/26791</identifier><datestamp>2026-02-03T12:53:23Z</datestamp><setSpec>com_10630_25813</setSpec><setSpec>com_10630_3139</setSpec><setSpec>com_10630_10</setSpec><setSpec>col_10630_25840</setSpec></header><metadata><record xmlns="http://www.loc.gov/MARC21/slim" xmlns:dcterms="http://purl.org/dc/terms/" xmlns:doc="http://www.lyncode.com/xoai" xmlns:xsi="http://www.w3.org/2001/XMLSchema-instance" xsi:schemaLocation="http://www.loc.gov/MARC21/slim http://www.loc.gov/standards/marcxml/schema/MARC21slim.xsd">
   <leader>00925njm 22002777a 4500</leader>
   <datafield ind2=" " ind1=" " tag="042">
      <subfield code="a">dc</subfield>
   </datafield>
   <datafield ind2=" " ind1=" " tag="720">
      <subfield code="a">Álvarez Ramos, Fernando</subfield>
      <subfield code="e">author</subfield>
   </datafield>
   <datafield ind2=" " ind1=" " tag="720">
      <subfield code="a">Baigorri Soler, Carmen</subfield>
      <subfield code="e">author</subfield>
   </datafield>
   <datafield ind2=" " ind1=" " tag="720">
      <subfield code="a">Gutiérrez Mayo, Idoia</subfield>
      <subfield code="e">author</subfield>
   </datafield>
   <datafield ind2=" " ind1=" " tag="720">
      <subfield code="a">Iturriza Garbizu, Mónica</subfield>
      <subfield code="e">author</subfield>
   </datafield>
   <datafield ind2=" " ind1=" " tag="260">
      <subfield code="c">2012-02-24</subfield>
   </datafield>
   <datafield ind2=" " ind1=" " tag="520">
      <subfield code="a">Las unidades de valoracíon forense del País Vasco atienden las demandas de informe pericial realizadas por los juzados competentes en materia de violencia sobre la mujer, llevando a cabo la evaluación forense tanto de las víctimas (mujeres e hijos) como de los imputados. La presente investigación analiza una serie de variables relevantes en la evaluación forense integral, tomando como muestra los informes periciales realizados por la UVFI de Guipúzcoa sobre víctimas mujeres durante el año 2010. En concreto, se han analizado los daños relacionados con la violencia de género (afectaciones psicopatológica, psicológica y social), la dependencia emocional (tendencia a la permanencia en la relación afectiva a pesar de la denuncia) y el tiempo de inicio de la violencia con respecto al de la relación de convivencia.</subfield>
   </datafield>
   <datafield ind1="8" ind2=" " tag="024">
      <subfield code="a">Álvarez Ramos, F., Baigorri Soler, C., Gutiérrez Mayo, I., &amp; Iturriza Garbizu, M. (2020). Variables relevantes en la evaluación forense integral de la violencia de género. Boletín Criminológico, (18). https://doi.org/10.24310/Boletin-criminologico.2012.v18i0.7986</subfield>
   </datafield>
   <datafield ind1="8" ind2=" " tag="024">
      <subfield code="a">https://hdl.handle.net/10630/26791</subfield>
   </datafield>
   <datafield ind1="8" ind2=" " tag="024">
      <subfield code="a">https://doi.org/10.24310/Boletin-criminologico.2012.v18i0.7986</subfield>
   </datafield>
   <datafield tag="653" ind2=" " ind1=" ">
      <subfield code="a">Psicología legal</subfield>
   </datafield>
   <datafield tag="653" ind2=" " ind1=" ">
      <subfield code="a">Violencia de género - Aspectos psicológicos</subfield>
   </datafield>
   <datafield ind2="0" ind1="0" tag="245">
      <subfield code="a">Variables relevantes en la evaluación forense integral de la violencia de género.</subfield>
   </datafield>
</record>
</metadata></record></GetRecord></OAI-PMH>